Cāṇakkiya capatam. (Record no. 59862)

MARC details
000 -LEADER
fixed length control field 00678cam a22002531 4500
001 - CONTROL NUMBER
control field sa 64006773
003 - CONTROL NUMBER IDENTIFIER
control field DLC
005 - DATE AND TIME OF LATEST TRANSACTION
control field 20260227112041.0
008 - FIXED-LENGTH DATA ELEMENTS--GENERAL INFORMATION
fixed length control field 850618s1962 ii 000 1 tam
010 ## - LIBRARY OF CONGRESS CONTROL NUMBER
LC control number sa 64006773
025 ## - OVERSEAS ACQUISITION NUMBER
Overseas acquisition number PL480:I-T-609
035 ## - SYSTEM CONTROL NUMBER
System control number (OCoLC)13892565
040 ## - CATALOGING SOURCE
Original cataloging agency DLC
Transcribing agency NN
Modifying agency OCoLC
-- DLC
042 ## - AUTHENTICATION CODE
Authentication code premarc
050 00 - LIBRARY OF CONGRESS CALL NUMBER
Classification number PL4758.9.B3
Item number C3
100 0# - MAIN ENTRY--PERSONAL NAME
Personal name Makariṣi,
Dates associated with a name 1932-
245 10 - TITLE STATEMENT
Title Cāṇakkiya capatam.
Statement of responsibility, etc. [El̲utiyavar] 'Mahariṣi'[pseud.
250 ## - EDITION STATEMENT
Edition statement Mutar̲ patippu]
260 ## - PUBLICATION, DISTRIBUTION, ETC.
Place of publication, distribution, etc. Cen̲n̲ai,
Name of publisher, distributor, etc. Pārati Patippakam
Date of publication, distribution, etc. [1962]
300 ## - PHYSICAL DESCRIPTION
Extent 240 p.
Dimensions 19 cm.
500 ## - GENERAL NOTE
General note In Tamil.
500 ## - GENERAL NOTE
General note A novel.
600 00 - SUBJECT ADDED ENTRY--PERSONAL NAME
Personal name Kauṭalya
Form subdivision Fiction.

No items available.

Powered by Koha